The noble scholar, jurist, historian


 His Excellency Dr. Abdul Wahhab bin Ibrahim Abu Sulaiman, may Allah have mercy on him.


 He was born in Umm Al-Qura in the year 1356 AH.

ما يجب أن يعرفه المسلم من حقائق عن النصرانية والتبشير / (Record no. 8005)

MARC details
000 -LEADER
fixed length control field 01255cam a22002891i 4500
003 - CONTROL NUMBER IDENTIFIER
control field SA-RiAUC
005 - DATE AND TIME OF LATEST TRANSACTION
control field 20250518090411.0
008 - FIXED-LENGTH DATA ELEMENTS--GENERAL INFORMATION
fixed length control field 250513s1984 su g f00000 ara c
040 ## - CATALOGING SOURCE
Original cataloging agency SA-EnSBSSC
Language of cataloging ara
Transcribing agency SA-RiAUC
Description conventions rda
050 #4 - LIBRARY OF CONGRESS CALL NUMBER
Item number .J33 1984
082 04 - DEWEY DECIMAL CLASSIFICATION NUMBER
Classification number 276.6023
Assigning agency SA-RiAUC
090 ## - LOCALLY ASSIGNED LC-TYPE CALL NUMBER (OCLC); LOCAL CALL NUMBER (RLIN)
Classification number (OCLC) (R) ; Classification number, CALL (RLIN) (NR) 276.6023
Local cutter number (OCLC) ; Book number/undivided call number, CALL (RLIN) ج ب هـ
100 1# - MAIN ENTRY--PERSONAL NAME
Personal name الجبهان، إبراهيم سليمان
Relator term مؤلف.
245 10 - TITLE STATEMENT
Title ما يجب أن يعرفه المسلم من حقائق عن النصرانية والتبشير /
Statement of responsibility, etc. إبراهيم السليمان الجبهان.
250 ## - EDITION STATEMENT
Edition statement الطبعة الأولى.
264 #1 - PRODUCTION, PUBLICATION, DISTRIBUTION, MANUFACTURE, AND COPYRIGHT NOTICE
Place of production, publication, distribution, manufacture الرياض :
Name of producer, publisher, distributor, manufacturer الرئاسة العامة لإدارات البحوث العلمية والإفتاء والدعوة والإرشاد،
Date of production, publication, distribution, manufacture, or copyright notice [1984]
300 ## - PHYSICAL DESCRIPTION
Extent 112 صفحة ؛
Dimensions 24 سم
336 ## - CONTENT TYPE
Content type term نص
Content type code txt
Source rdacontent
Materials specified كتاب
337 ## - MEDIA TYPE
Media type term بدون وسيط
Media type code n
Source rdamedia
338 ## - CARRIER TYPE
Carrier type term مجلد
Carrier type code nc
Source rdacarrier
500 ## - GENERAL NOTE
General note وقف لله تعالى.
650 #7 - SUBJECT ADDED ENTRY--TOPICAL TERM
Topical term or geographic name entry element الإرساليات التبشيرية
Source of heading or term aucsh
650 #7 - SUBJECT ADDED ENTRY--TOPICAL TERM
Topical term or geographic name entry element الإسلام والمسيحية
Source of heading or term aucsh
650 #7 - SUBJECT ADDED ENTRY--TOPICAL TERM
Topical term or geographic name entry element الإسلام والإرساليات التبشيرية
Source of heading or term aucsh
942 ## - ADDED ENTRY ELEMENTS (KOHA)
Source of classification or shelving scheme Dewey Decimal Classification
Koha item type Books
Suppress in OPAC No
949 ## - LOCAL PROCESSING INFORMATION (OCLC)
a SA-JeALM
d 250513
u mohamedma123
n 1
Holdings
Withdrawn status Lost status Source of classification or shelving scheme Damaged status Not for loan Home library Current library Date acquired Total checkouts Full call number Barcode Date last seen Price effective from Koha item type
    Dewey Decimal Classification     DR AbdElwahab Library DR AbdElwahab Library 05/18/2025   276.6023 ج ب هـ 000013244 05/18/2025 05/18/2025 Books